00726nam a2200181 4500003000900000020002000009040002800029100002900057245010900086260003900195300008100234490001800315500005500333650004900388650003100437650004700468700002900515CO-ViMGA a 9789583036712  aCO-ViMGAbspacCO-ViMGA1 aNoguera Arrieta, Luisa 10aYo te cuido! /c Luisa Noguera Arrieta ; ilustraciones Patricia Acosta ; edición Mireya Fonseca Leal  aBogotá : bPanamericana,c2014.  a 54 páginas, [2] páginas sin numerar :b ilustraciones en color ; 23 cm  aOA infantil  aRecomendado para niños de 6 años en adelante 14a Cuentos infantiles colombianos ySiglo xx 14aAbuelos en la literatura 14aLiteratura infantil colombianaySiglo xx 1 a Acosta, Patricia,eil.